Law & Economics Toward Social Justice /

Bibliographic Details
Main Author: Gold, Dana L.
Format: eBook
Language:English
Published: Bingley: Emerald Group Publishing Limited, 2009
Subjects:
Online Access:Acceso restringido

MARC

LEADER 00000nam a22000007a 4500
005 20210218224253.0
007 cr|||| ||||
008 210218s2009 us |||||s|||| 00||0 eng d
020 |a 978-1-84855-334-7 
035 |a 31991 
040 |a vLex 
090 |c 11183  |d 11183 
100 1 |a Gold, Dana L. 
245 1 0 |a Law & Economics  |h [Recurso electrn̤ico] :  |b Toward Social Justice /  |c Dana L. Gold 
256 |a Servicio en ln̕ea 
260 |a Bingley:  |b Emerald Group Publishing Limited,  |c 2009 
300 |a 1 recurso electrn̤ico 
506 1 |a Disponible solo en los productos indicados  |d vLex Global  |d vLex Global (Academic Edition, excluding Law Schools)  |d vLex Global (Academic Edition, Law Schools) 
650 0 4 |a Economa̕ y negocios  |z Estados Unidos 
740 0 |a vLex Libros (Servicio en ln̕ea) 
856 4 0 |u http://vlex.com/source/31991  |z Acceso restringido 
942 |c BOOK 
999 0 |a Economy and business